Environmental ethics and the global marketplace / (Registro nro. 5603)
[ vista simple ]
| 000 -CABECERA | |
|---|---|
| Campo de control | 00838nam a2200253 a 4500 |
| 005 - FECHA Y HORA DE LA ULTIMA TRANSACCION | |
| Campo de control | 20180803165305.0 |
| 008 - ELEMENTOS DE LONGITUD FIJA—INFORMACION GENERAL | |
| Campo de control | 160213t1998 -us fr|||| 001 0 spa d |
| 020 ## - ISBN | |
| ISBN | 0820320153 |
| 040 ## - FUENTE DE CATALOGACIÓN | |
| Agencia catalogadora original | CO-BoIAVH |
| Agencia transcriptora | CO-BoIAVH |
| 041 0# - IDIOMA | |
| Código de idioma para texto/pista de sonido o título separado | Inglés |
| 044 ## - PAÍS DE PUBLICACIÓN | |
| País de publicación | Estados Unidos |
| 082 04 - NUMERO DE CLASIFICACION DECIMAL DEWEY | |
| Número de clasificación | 658.408 |
| Número del ítem | E61e |
| 245 00 - MENCION DE TITULO | |
| Título | Environmental ethics and the global marketplace / |
| Mención de responsabilidad | Edited by Dorinda G. Dallmeyer and Albert F. Ike |
| 260 ## - PUBLICACION, DISTRIBUCION, ETC. (PIE DE IMPRENTA) | |
| Lugar de publicación, distribución, etc. | Georgia : |
| Nombre del editor, distribuidor, etc. | University of Georgia Press , |
| Fecha de publicación, distribución, etc. | 1998. |
| 300 ## - DESCRIPCION FISICA | |
| Extensión | 184 páginas ; |
| Dimensiones | 23 x 16 cm. |
| 650 16 - ASIENTO SECUNDARIO DE MATERIA - TERMINO TEMATICO | |
| Término temático o nombre geográfico como elemento de entrada | Ética ambiental |
| 9 (RLIN) | 59296 |
| 650 26 - ASIENTO SECUNDARIO DE MATERIA - TERMINO TEMATICO | |
| Término temático o nombre geográfico como elemento de entrada | Mercados globales |
| 9 (RLIN) | 20986 |
| 650 26 - ASIENTO SECUNDARIO DE MATERIA - TERMINO TEMATICO | |
| Término temático o nombre geográfico como elemento de entrada | Medio ambiente |
| 9 (RLIN) | 92195 |
| 700 1# - ASIENTO SECUNDARIO - NOMBRE PERSONAL | |
| Nombre personal | Dallmeyer, Dorinda G. |
| Término de relación | Editor |
| 9 (RLIN) | 59298 |
| 700 1# - ASIENTO SECUNDARIO - NOMBRE PERSONAL | |
| Nombre personal | Ike, Albert F. |
| Término de relación | Editor |
| 9 (RLIN) | 59299 |
| 700 1# - ASIENTO SECUNDARIO - NOMBRE PERSONAL | |
| Nombre personal | Young, Andrew |
| Término de relación | Prólogo |
| 9 (RLIN) | 31596 |
| 710 2# - ASIENTO SECUNDARIO - NOMBRE CORPORATIVO | |
| Nombre corporativo o de jurisdicción como elemento de entrada | University of Georgia Press |
| 9 (RLIN) | 59300 |
| 942 ## - ELEMENTOS ADICIONALES (KOHA) | |
| Tipo de ítem | Libro |
| Sistema de clasificación | Dewey Decimal Classification |
| Withdrawn status | Lost status | Sistema de Clasificación | Damaged status | No para préstamo | Colección | Inventariado | Ubicación Permanente | Ubicación actual | Fecha de adquisición | Fuente de Valor | Valor | Total Checkouts | Número topográfico | Inventario / Código de Barras | Date last seen | Ejemplar | Price effective from | Forma de adquisición | Tipo de material |
|---|---|---|---|---|---|---|---|---|---|---|---|---|---|---|---|---|---|---|---|
| Dewey Decimal Classification | General | Inventariado 2017 | Bogotá | Bogotá | 13/06/2007 | Doyle, Peter; López, Susana | 39000.00 | LB-658.408 E61e | 024501 | 04/12/2012 | Ej.1 | 04/12/2012 | Libro |